[Event "MCRE_KT25"]
[Site "?"]
[Date "2006.??.??"]
[Round "?"]
[White "Hrdy, Tomas"]
[Black "Martinec, Jan"]
[Result "1-0"]
[WhiteElo "1600"]
[BlackElo "2000"]
[PlyCount "95"]
[EventDate "2006.??.??"]
[EventType "schev (corr)"]
[EventRounds "2"]
[SourceDate "2007.01.09"]

1. e4 c5 2. Nf3 e6 3. d4 cxd4 4. Nxd4 Nf6 5. Nc3 d6 6. Be2 Nc6 7. Be3 Be7 8.
O-O O-O 9. f4 Qc7 10. Kh1 a6 11. Qe1 Nxd4 12. Bxd4 b5 13. a3 Bb7 14. Qg3 Bc6
15. Rae1 Qb7 16. Bd3 b4 17. Nd1 bxa3 18. bxa3 g6 19. Nf2 Nh5 20. Qe3 f6 21. Bc4
Ng7 22. Rb1 Qc8 23. Bb3 Kh8 24. Nd3 Rb8 25. Nb4 Bd7 26. c4 a5 27. Nd3 Qa6 28.
Rb2 e5 29. Bc3 Be6 30. Rfb1 a4 31. Bxa4 Rxb2 32. Nxb2 Bxc4 33. Nxc4 Qxc4 34.
Bb3 exf4 35. Bxc4 fxe3 36. Bd5 Rc8 37. Bd4 e2 38. Kg1 Nh5 39. g3 Rc2 40. Kf2
e1=Q+ 41. Kxe1 Rc8 42. Rb7 Bd8 43. Kd1 Ng7 44. Rf7 h5 45. Rf8+ Kh7 46. Bg8+ Kh6
47. Be3+ g5 48. Bb6 1-0

[Event "MCRE_KT25"]
[Site "?"]
[Date "2006.??.??"]
[Round "?"]
[White "Martinec, Jan"]
[Black "Tyrlik, Jaroslav"]
[Result "0-1"]
[WhiteElo "2000"]
[BlackElo "2076"]
[PlyCount "132"]
[EventDate "2006.??.??"]
[EventType "schev (corr)"]
[EventRounds "2"]
[SourceDate "2007.01.09"]

1. e4 e6 2. d4 d5 3. exd5 exd5 4. Bd3 Bd6 5. Nf3 Ne7 6. O-O O-O 7. Nc3 c6 8.
Re1 Re8 9. Bd2 Nd7 10. Ne2 Nf8 11. Bf4 Bg4 12. Bxd6 Qxd6 13. Ne5 Bxe2 14. Bxe2
Neg6 15. Nd3 Re4 16. Nc5 Re7 17. c3 Rae8 18. g3 Ne6 19. Nd3 Ng5 20. f4 Ne4 21.
Qc2 Nf8 22. Ne5 f6 23. Nf3 Qd7 24. Bd3 Qg4 25. Qg2 Nd6 26. Rxe7 Rxe7 27. h3 Qh5
28. Re1 Rxe1+ 29. Nxe1 Qd1 30. Qe2 Qa1 31. a3 b5 32. Kh2 Nc4 33. Bxc4 bxc4 34.
Ng2 Kf7 35. f5 Qb1 36. g4 g6 37. Ne3 Qe4 38. Kg3 g5 39. Qf2 Nd7 40. Nc2 a5 41.
Ne3 Nb6 42. Qf3 Qxf3+ 43. Kxf3 Ke7 44. Nd1 Nc8 45. Nf2 Nd6 46. Ke3 a4 47. Kf3
h6 48. Ke3 h5 49. Kf3 h4 50. Ke3 Nb5 51. Kf3 Kd6 52. Nd1 c5 53. Ke3 Kc6 54. Nf2
Nd6 55. Kf3 cxd4 56. cxd4 c3 57. bxc3 Nc4 58. Nd3 Kb5 59. Nb4 Nxa3 60. Nxd5 Nc2
61. c4+ Kxc4 62. Nb6+ Kb3 63. Nxa4 Kxa4 64. Ke4 Nb4 65. d5 Kb5 66. Kd4 Nc2+ 0-1